| 000 | 00605nam a2200205 a 4500 | ||
|---|---|---|---|
| 005 | 20210219152932.0 | ||
| 008 | 991125n 000 0 u | ||
| 035 | _aUPN01000067607 | ||
| 222 | _aCOMUNICACION EDUCATIVA SEP | ||
| 245 | _a50 % de los municipios cuentan ya con una biblioteca pública | ||
| 300 | _a10 | ||
| 362 | _a1986 Año 4, no. 37, oct. | ||
| 653 | 0 | _aBIBLIOTECAS PUBLICAS | |
| 653 | 0 | _aMEXICO | |
| 653 | 0 | _aPROGRAMA NACIONAL DE BIBLIOTECAS PUBLICAS | |
| 653 | 0 | _aRED NACIONAL DE BIBLIOTECAS | |
| 653 | 0 | _aSERVICIOS BIBLIOTECARIOS | |
| 904 |
_aAC _b005418 |
||
| 905 | _aArticulo | ||
| 999 |
_c64104 _d64104 |
||